| 000 | 00437 a2200145 4500 | ||
|---|---|---|---|
| 999 |
_c323199 _d323199 |
||
| 001 | 88126 | ||
| 003 | NUST | ||
| 082 | _a726.14605491 SAF | ||
| 100 |
_aSafdar Ali Shah, Dr; Syed Javaid A. Kazi _99767 |
||
| 245 |
_aSikh Heritage of Pakistan _cDr Safdar Ali Shah , Syed Javaid A. Kazi _hEnglish |
||
| 250 | _a1st | ||
| 260 |
_aLahore _bMansoor Rashid _c2012 |
||
| 300 |
_a96p _bHb |
||
| 610 |
_asikh building architecture _99768 |
||
| 942 |
_aCAE NUST _cBK _k726.14605491 SAF _2ddc |
||